000 00914nam a2200253 a 4500
001 BRCA_5034
005 20190320204919.0
008 240910s1963----sp-a######---#000-0#spa-#
041 _aspa
044 _asp
050 4 _aNA5811
_b.L66 2 1963
100 1 _aLópez Serrano, Matilde
_911564
245 1 0 _aEl Escorial
_bel monasterio y las casitas del príncipe y del infante
_ccomentarios y notas de Matilde López Serrano.
260 _aMadrid
_bPatrimonio Nacional
_c1963
300 _a199 p.
_bil. (algunas a color), 89 láminas, 1 plano
_c17 cm.
440 0 _aGuías turísticas. Patrimonio nacional
_v4
_912860
500 _aIncluye ìndice de ilustraciones e índice alfabético
500 _aVer también CFG82 (2a ed.)
500 _aU23
650 1 4 _aArquitectura religiosa
_zEspaña
_97863
651 4 _aEl Escorial, España
_vGuías de viajeros
_xDescripción
_911645
902 _aGFM
942 _2lcc
_cB
999 _c4728
_d4728